LEADER 01040nam-M2200373--I450- 001 990002819230203316 005 20060926145500.0 010 $a88-06-16754-5 035 $a000281923 035 $aUSA01000281923 035 $a(ALEPH)000281923USA01 035 $a000281923 100 $a20060926d2005----||itac50 ba 101 $aita 102 $aIT 105 $a||||||||001yy 200 1 $aDare l' anima$estoria di un infanticidio$fAdriano Prosperi 210 $aTorino$cG. Einaudi$d2005 215 $aX, 373 p.$cill.$d23 cm 225 0 $aEinaudi storia$v4 410 1$1001IT\ICCU\TO0\1401938$aEinaudi storia$v4$12001 454 1$12001 461 1$1001-------$12001 606 $aInfanticidio - Bologna - Sec. 18 676 $a364.1523$v19 700 1$aPROSPERI,$bAdriano$0140139 801 0$aIT$bICCU$gISBD$c20060618 912 $a990002819230203316 951 $aVI.3.B.2$b7949 DSLL 959 $aBK 969 $aDSLL 979 $aDSLL1$b90$c20060926$lUSA01$h1455 996 $aDare l' anima$9994167 997 $aUNISA LEADER 02608nas 2200733-a 450 001 996211359103316 005 20240120213021.0 011 $a1537-2650 035 $a(DE-599)ZDB2058566-4 035 $a(OCoLC)48079591 035 $a(CKB)963018171903 035 $a(CONSER)--2001211322 035 $a(EXLCZ)99963018171903 100 $a20011003a19879999 s-- a 101 0 $aeng 135 $aurcnu|||||||| 181 $ctxt$2rdacontent 182 $cc$2rdamedia 183 $acr$2rdacarrier 200 10$aTax policy and the economy 210 1$aCambridge, MA :$cNBER and MIT Press Journals,$d©1987- 210 21$aCambridge, MA :$cMIT Press 210 31$aChicago, IL :$cUniversity of Chicago Press 215 $a1 online resource 300 $aRefereed/Peer-reviewed 300 $aTitle from title page (JSTOR, viewed February 24, 2009). 311 $a0892-8649 517 1 $aNBER tax policy and the economy 531 $aTAX POLICY THE ECONOMY 531 $aNBERTAX POLICY AND THE ECONOMY 531 $aNBER/TAX POLICY & THE ECONOMY (MIT PRESS) 531 $aNBER/TAX POLICY & THE ECONOMY 606 $aTaxation$zUnited States$vPeriodicals 606 $aTaxation$xLaw and legislation$xEconomic aspects$zUnited States$vPeriodicals 606 $aImpôt$xAspect économique$zÉtats-Unis$vPériodiques 606 $aPolitique fiscale$xAspect économique$zÉtats-Unis$vPériodiques 606 $aTaxation$2fast$3(OCoLC)fst01143876 606 $aTaxation$xLaw and legislation$xEconomic aspects$2fast$3(OCoLC)fst01143929 606 $aBelastingen$2gtt 606 $aTAXATION$2unbist 606 $aTAX ADMINISTRATION$2unbist 606 $aTAX SYSTEMS$2unbist 606 $aECONOMIC ASPECTS$2unbist 607 $aUnited States$2fast$1https://id.oclc.org/worldcat/entity/E39PBJtxgQXMWqmjMjjwXRHgrq 608 $aPeriodicals.$2fast 608 $aPeriodicals.$2lcgft 610 $aUnited States$aTaxation$aPolicies of government$aSerials 615 0$aTaxation 615 0$aTaxation$xLaw and legislation$xEconomic aspects 615 6$aImpôt$xAspect économique 615 6$aPolitique fiscale$xAspect économique 615 7$aTaxation. 615 7$aTaxation$xLaw and legislation$xEconomic aspects. 615 17$aBelastingen. 615 07$aTAXATION. 615 07$aTAX ADMINISTRATION. 615 07$aTAX SYSTEMS. 615 07$aECONOMIC ASPECTS. 676 $a336 712 02$aNational Bureau of Economic Research, 906 $aJOURNAL 912 $a996211359103316 996 $aTax policy and the economy$9233481 997 $aUNISA